=LDR 00000nam 2200000 4500 =001 INLIS000000000057481 =990 ##$$a 114.355/PRO-97 =990 ##$$a 114.355/PRO-97 =005 20210126114845 =035 ##$$a 0010-0121000071 =245 1#$$a PERMESTA : $b Jejak-Jejak Pengembaraan =100 #$$a Phill M. Sulu =300 ##$$a 196hlm ; $c 21 cm =260 ##$$a JAKARTA :$b PUSTAKA SINAR HARAPAN,$c 1997 =082 ##$$a 959.861 =084 ##$$a 959.861 PHI p =020 ##$$a 979-416-421-6 =990 ##$$a 114.355/PRO-97